[Event "Madrid-ch sf-A"]
[Site "Madrid"]
[Date "2016.03.14"]
[Round "4"]
[White "Martin Consuegra, Barrilero Javier"]
[Black "Garcia Gutierrez, Jose"]
[Result "1/2-1/2"]
[WhiteElo "1841"]
[BlackElo "1947"]
[PlyCount "69"]
[EventDate "2016.03.07"]
[EventType "swiss"]
[EventRounds "9"]
[EventCountry "ESP"]
[SourceTitle "EXT 2017"]
[Source "ChessBase"]
[SourceDate "2016.10.25"]
[SourceVersion "1"]
[SourceVersionDate "2016.10.25"]
[SourceQuality "1"]

1. d4 d5 2. Nf3 Nf6 3. e3 b6 4. Bd3 Bb7 5. a4 a6 6. 0-0 e6 7. c4 Be7 8. Nc3 0-0 9. Nd2 Bb4 10. Qc2 c5 11. cxd5 Bxc3 12. bxc3 exd5 13. dxc5 bxc5 14. Ba3 Qc7 15. Be2 Re8 16. Bf3 Nbd7 17. g3 Rac8 18. Bb2 d4 19. cxd4 Bxf3 20. Nxf3 Qb7 21. Qe2 c4 22. Rfc1 Ne4 23. Bc3 Ndf6 24. Nd2 Ng5 25. f3 Ng4 26. e4 Nh3+ 27. Kg2 Nhf2 28. Rcb1 Qc6 29. h3 Nxh3 30. fxg4 Ng5 31. Re1 Qh6 32. Rh1 Qc6 33. Rhe1 Qh6 34. Rh1 Qc6 35. Rhe1 1/2-1/2

[Event "Madrid-ch sf-A"]
[Site "Madrid"]
[Date "2016.03.08"]
[Round "2"]
[White "Fernandez Bonilla, Miguel Arcangel"]
[Black "Garcia Gutierrez, Jose"]
[Result "1/2-1/2"]
[WhiteElo "1829"]
[BlackElo "1947"]
[PlyCount "67"]
[EventDate "2016.03.07"]
[EventType "swiss"]
[EventRounds "9"]
[EventCountry "ESP"]
[SourceTitle "EXT 2017"]
[Source "ChessBase"]
[SourceDate "2016.10.25"]
[SourceVersion "1"]
[SourceVersionDate "2016.10.25"]
[SourceQuality "1"]

1. Nf3 d5 2. g3 h6 3. Bg2 Nf6 4. 0-0 Bf5 5. b3 e6 6. Ba3 Bd6 7. Bxd6 Qxd6 8. d3 0-0 9. Nbd2 Nbd7 10. Re1 Bh7 11. e4 dxe4 12. Nxe4 Qb6 13. Nxf6+ Nxf6 14. Ne5 c6 15. h4 Rad8 16. g4 Rd4 17. g5 hxg5 18. hxg5 Nd7 19. c3 Rf4 20. Qd2 Nxe5 21. Rxe5 Rf5 22. Rxf5 Bxf5 23. d4 Rd8 24. Qe3 a5 25. Bf3 Qc7 26. Kg2 Qe7 27. Rh1 f6 28. Be4 Bxe4+ 29. Qxe4 fxg5 30. Qh7+ Kf7 31. Qh5+ Kg8 32. Qh7+ Kf7 33. Qh5+ Kg8 34. Qh7+ 1/2-1/2

[Event "Madrid-ch sf"]
[Site "Madrid"]
[Date "2016.02.23"]
[Round "8"]
[White "Corredor San Jose, Antonio"]
[Black "Garcia Gutierrez, Jose"]
[Result "0-1"]
[WhiteElo "1792"]
[BlackElo "1928"]
[PlyCount "52"]
[EventDate "2016.02.08"]
[EventType "swiss"]
[EventRounds "9"]
[EventCountry "ESP"]
[SourceTitle "CBM 171 Extra"]
[Source "ChessBase"]
[SourceDate "2016.04.26"]
[SourceVersion "1"]
[SourceVersionDate "2016.04.26"]
[SourceQuality "1"]

1. e4 e6 2. d4 d5 3. Nc3 Nf6 4. Bg5 Bb4 5. e5 h6 6. exf6 hxg5 7. fxg7 Rg8 8. Qh5 Qf6 9. 0-0-0 Bxc3 10. bxc3 Qxg7 11. Nf3 Nd7 12. Bb5 c6 13. Bd3 Nf6 14. Qh3 g4 15. Qh4 gxf3 16. gxf3 Qg5+ 17. Qxg5 Rxg5 18. h4 Rh5 19. f4 Bd7 20. Be2 Rh6 21. Rdg1 Ke7 22. Rh2 Rah8 23. h5 Rg8 24. Rg5 Rgh8 25. Bf3 Ne4 26. Rg7 Nxc3 0-1

[Event "Madrid-ch sf"]
[Site "Madrid"]
[Date "2016.02.22"]
[Round "7"]
[White "Garcia Gutierrez, Jose"]
[Black "Lopez Heras, Arturo"]
[Result "1-0"]
[WhiteElo "1928"]
[BlackElo "1812"]
[PlyCount "75"]
[EventDate "2016.02.08"]
[EventType "swiss"]
[EventRounds "9"]
[EventCountry "ESP"]
[SourceTitle "CBM 171 Extra"]
[Source "ChessBase"]
[SourceDate "2016.04.26"]
[SourceVersion "1"]
[SourceVersionDate "2016.04.26"]
[SourceQuality "1"]

1. g3 Nf6 2. Bg2 c5 3. b3 g6 4. Bb2 Bg7 5. Nf3 d6 6. 0-0 0-0 7. d3 Nc6 8. e4 e5 9. Nbd2 Bg4 10. h3 Bd7 11. Nc4 Ne8 12. Ne3 f5 13. exf5 gxf5 14. Nd5 e4 15. Bxg7 exf3 16. Bxf8 fxg2 17. Re1 Kxf8 18. Qh5 Nf6 19. Qh6+ Kf7 20. Re7+ Qxe7 21. Nxe7 Kxe7 22. Qg7+ Ke6 23. f4 Nd4 24. Re1+ Ne4 25. Qh6+ Ke7 26. Kxg2 Nxc2 27. Re2 Nd4 28. Re1 Nc2 29. Rc1 Nd4 30. dxe4 Bc6 31. Qxh7+ Kf6 32. Qh6+ Ke7 33. Qg7+ Ke6 34. Kf2 Bxe4 35. Re1 Re8 36. g4 d5 37. gxf5+ Nxf5 38. Rxe4+ 1-0

[Event "Madrid-ch sf"]
[Site "Madrid"]
[Date "2016.02.16"]
[Round "5"]
[White "Garcia Gutierrez, Jose"]
[Black "Ruiz Quevedo, Andres"]
[Result "1/2-1/2"]
[WhiteElo "1928"]
[BlackElo "1902"]
[PlyCount "26"]
[EventDate "2016.02.08"]
[EventType "swiss"]
[EventRounds "9"]
[EventCountry "ESP"]
[SourceTitle "CBM 171 Extra"]
[Source "ChessBase"]
[SourceDate "2016.04.26"]
[SourceVersion "1"]
[SourceVersionDate "2016.04.26"]
[SourceQuality "1"]

1. g3 c5 2. Bg2 Nf6 3. b3 e6 4. Bb2 Be7 5. Nf3 0-0 6. 0-0 Nc6 7. e3 a6 8. c4 Rb8 9. d4 cxd4 10. exd4 d5 11. Nc3 b6 12. cxd5 exd5 13. Rc1 Bb7 1/2-1/2

[Event "Madrid-ch sf"]
[Site "Madrid"]
[Date "2016.02.09"]
[Round "2"]
[White "Garcia Gutierrez, Jose"]
[Black "Fernandez Aransay, Fernando"]
[Result "1-0"]
[WhiteElo "1928"]
[BlackElo "1800"]
[PlyCount "119"]
[EventDate "2016.02.08"]
[EventType "swiss"]
[EventRounds "9"]
[EventCountry "ESP"]
[SourceTitle "CBM 171 Extra"]
[Source "ChessBase"]
[SourceDate "2016.04.26"]
[SourceVersion "1"]
[SourceVersionDate "2016.04.26"]
[SourceQuality "1"]

1. e4 c5 2. b3 d6 3. Bb2 Nf6 4. Bb5+ Bd7 5. Bxd7+ Qxd7 6. Nf3 Nc6 7. 0-0 g6 8. Na3 Bg7 9. Qe2 0-0 10. d3 Rfe8 11. Rad1 Rac8 12. c4 a6 13. Nc2 Qc7 14. Ne3 e6 15. h3 Rcd8 16. Qc2 Nd7 17. Bxg7 Kxg7 18. Qb2+ Kg8 19. Ng4 e5 20. Qd2 Nd4 21. Ng5 Ne6 22. Nh6+ Kg7 23. Nhxf7 Nf4 24. Nxd8 Qxd8 25. Nf3 Rf8 26. Qe3 Nf6 27. Kh2 Qc8 28. Ng1 h5 29. g3 Nxh3 30. f3 Nxg1 31. Rxg1 Rh8 32. Qg5 Qd8 33. Kg2 Qd7 34. Rh1 Nh7 35. Qd2 Rf8 36. Rdf1 Nf6 37. Rh4 Qd8 38. Qg5 Qa5 39. Rf2 b5 40. f4 Ng4 41. Rxg4 hxg4 42. Qe7+ Rf7 43. Qxd6 Qe1 44. Qxe5+ Kg8 45. Qg5 Qd1 46. Qxg6+ Rg7 47. Qe6+ Kh8 48. Qh6+ Kg8 49. Qe6+ Kh8 50. Qe8+ Kh7 51. Qd8 Rg6 52. Qe7+ Kh8 53. Qf8+ Kh7 54. Qf7+ Rg7 55. Qh5+ Kg8 56. f5 Qxd3 57. Qe8+ Kh7 58. f6 Rg6 59. Qe7+ Kh8 60. f7 1-0

[Event "Madrid-ch Seniors"]
[Site "Madrid"]
[Date "2016.01.21"]
[Round "9"]
[White "Martin Martin, Luis Vicente"]
[Black "Garcia Gutierrez, Jose"]
[Result "1-0"]
[WhiteElo "1967"]
[BlackElo "1907"]
[PlyCount "91"]
[EventDate "2016.01.11"]
[EventType "swiss"]
[EventRounds "9"]
[EventCountry "ESP"]
[SourceTitle "CBM 170 Extra"]
[Source "ChessBase"]
[SourceDate "2016.02.25"]
[SourceVersion "1"]
[SourceVersionDate "2016.02.25"]
[SourceQuality "1"]

1. d4 d5 2. Bf4 Nf6 3. e3 e6 4. Nf3 c5 5. c3 Nc6 6. Bd3 Bd6 7. Bg3 0-0 8. Nbd2 c4 9. Bc2 Ne7 10. Ne5 Ng6 11. h4 Bxe5 12. dxe5 Nd7 13. Nf3 f6 14. exf6 Qxf6 15. Bd6 Re8 16. Qd4 Ngf8 17. Bf4 Qxd4 18. exd4 Nf6 19. Ne5 N8d7 20. 0-0-0 Nxe5 21. dxe5 Ng4 22. Rd2 Rf8 23. g3 Bd7 24. Bd1 Nh6 25. Bxh6 gxh6 26. Bg4 Rae8 27. f4 Kh8 28. Rg1 Re7 29. Rd4 Rg7 30. Be2 Rgf7 31. Kd2 b5 32. a3 Bc6 33. Ke3 a5 34. Rdd1 Rb7 35. Kd4 b4 36. axb4 axb4 37. Ra1 bxc3 38. bxc3 Rb2 39. Bg4 Bd7 40. Ra7 Rf7 41. Bh5 Rg7 42. Ra8+ Rg8 43. Rga1 Rbb8 44. Rxb8 Rxb8 45. Ra7 Be8 46. Re7 1-0

[Event "Madrid-ch Seniors"]
[Site "Madrid"]
[Date "2016.01.19"]
[Round "7"]
[White "Campos Calvo, Sotelo Juan"]
[Black "Garcia Gutierrez, Jose"]
[Result "0-1"]
[WhiteElo "1849"]
[BlackElo "1907"]
[PlyCount "70"]
[EventDate "2016.01.11"]
[EventType "swiss"]
[EventRounds "9"]
[EventCountry "ESP"]
[SourceTitle "CBM 170 Extra"]
[Source "ChessBase"]
[SourceDate "2016.02.25"]
[SourceVersion "1"]
[SourceVersionDate "2016.02.25"]
[SourceQuality "1"]

1. b4 e5 2. a3 Nf6 3. e3 Be7 4. c4 0-0 5. Bb2 d6 6. Nc3 c6 7. Nf3 Bg4 8. h3 Bxf3 9. gxf3 d5 10. Qc2 Nbd7 11. Rg1 d4 12. Ne4 Nxe4 13. fxe4 c5 14. b5 a6 15. a4 axb5 16. cxb5 Qa5 17. Bc4 Nb6 18. Ke2 Qb4 19. d3 Rxa4 20. exd4 exd4 21. Rab1 Qa5 22. Bb3 Rb4 23. Qd2 Kh8 24. Bc4 Nxc4 25. dxc4 Qa2 26. e5 Qxc4+ 27. Ke1 Qd5 28. Qf4 d3 29. Qg3 Qe4+ 30. Kf1 Qe2+ 31. Kg2 Rxb2 32. Rbe1 Qh5 33. Qxd3 Bh4 34. Ref1 Qxe5 35. Kh1 Rd8 0-1

[Event "Madrid-ch Seniors"]
[Site "Madrid"]
[Date "2016.01.18"]
[Round "6"]
[White "Garcia Gutierrez, Jose"]
[Black "Lopez de Turiso, Jose Angel"]
[Result "0-1"]
[WhiteElo "1907"]
[BlackElo "2083"]
[PlyCount "114"]
[EventDate "2016.01.11"]
[EventType "swiss"]
[EventRounds "9"]
[EventCountry "ESP"]
[SourceTitle "CBM 170 Extra"]
[Source "ChessBase"]
[SourceDate "2016.02.25"]
[SourceVersion "1"]
[SourceVersionDate "2016.02.25"]
[SourceQuality "1"]

1. Nf3 f5 2. b3 d6 3. Bb2 e5 4. d3 Nf6 5. g3 Be7 6. Bg2 0-0 7. e3 c6 8. 0-0 h6 9. c4 Be6 10. Nc3 Nbd7 11. Qe2 Qe8 12. Rad1 Qh5 13. Ne1 Ng4 14. h3 Ngf6 15. f4 Rae8 16. Qxh5 Nxh5 17. Kh2 g5 18. Ne2 Kh7 19. d4 exf4 20. exf4 d5 21. cxd5 Bxd5 22. Bxd5 cxd5 23. Nd3 Ba3 24. Rd2 Bxb2 25. Rxb2 Re3 26. Ne5 Re8 27. Rc1 Nxe5 28. dxe5 Re7 29. Rd1 Rd7 30. Rd4 Kg6 31. Rbd2 Kf7 32. Kg2 gxf4 33. Nxf4 Nxf4+ 34. gxf4 Ke6 35. R4d3 Rxd3 36. Rxd3 Rc7 37. Kg3 Rc2 38. a3 a5 39. Kh4 b5 40. Rg3 Rf2 41. Rg6+ Ke7 42. Kg3 Rb2 43. Rxh6 Rxb3+ 44. Kh4 Rxa3 45. Kg5 Rg3+ 46. Kxf5 a4 47. Rh7+ Kd8 48. e6 a3 49. Kf6 Re3 50. Rd7+ Kc8 51. Rxd5 a2 52. Rd1 b4 53. e7 b3 54. Rd8+ Kc7 55. Ra8 b2 56. Rxa2 b1Q 57. Ra5 Qb6+ 0-1

[Event "Madrid-ch Seniors"]
[Site "Madrid"]
[Date "2016.01.12"]
[Round "2"]
[White "Garcia Gutierrez, Jose"]
[Black "Martin Rodriguez, Emilio"]
[Result "1-0"]
[WhiteElo "1907"]
[BlackElo "2142"]
[PlyCount "111"]
[EventDate "2016.01.11"]
[EventType "swiss"]
[EventRounds "9"]
[EventCountry "ESP"]
[SourceTitle "CBM 170 Extra"]
[Source "ChessBase"]
[SourceDate "2016.02.25"]
[SourceVersion "1"]
[SourceVersionDate "2016.02.25"]
[SourceQuality "1"]

1. g3 d5 2. Bg2 Nf6 3. b3 g6 4. Bb2 Bg7 5. e3 0-0 6. Nf3 c5 7. 0-0 Nc6 8. Ne5 Qc7 9. Nxc6 bxc6 10. d3 a5 11. Nc3 d4 12. Na4 Nd5 13. Qf3 Qd6 14. e4 Nc3 15. Nb6 Ra7 16. Nc4 Qb8 17. Ba3 Qb5 18. Rfe1 Be6 19. Bb2 a4 20. Bxc3 dxc3 21. e5 Bd5 22. Qf4 Rfa8 23. Rab1 Qa6 24. Qe3 axb3 25. axb3 Qb5 26. f4 Ra2 27. Qf2 e6 28. Nd6 Qb4 29. Ne4 R8a5 30. Rec1 Qd4 31. b4 Qxf2+ 32. Kxf2 cxb4 33. Rxb4 Bf8 34. Rb8 Bxe4 35. Bxe4 Rb5 36. Rxb5 cxb5 37. d4 Be7 38. Ke3 b4 39. Kd3 Kg7 40. d5 exd5 41. Bxd5 Ra7 42. Ke4 h5 43. Rd1 Rd7 44. Ra1 Bc5 45. Ra6 Kf8 46. Rc6 Be7 47. h3 Ra7 48. g4 hxg4 49. hxg4 Rd7 50. f5 gxf5+ 51. gxf5 Bd8 52. Rc8 f6 53. exf6 Ke8 54. Ke5 Rc7 55. f7+ Ke7 56. Rxd8 1-0

[Event "Madrid-ch sf-A"]
[Site "Madrid"]
[Date "2015.03.24"]
[Round "8"]
[White "Garcia Gutierrez, Jose"]
[Black "De la Puerta Cresis, Javier"]
[Result "0-1"]
[WhiteElo "1947"]
[BlackElo "2097"]
[PlyCount "86"]
[EventDate "2015.03.09"]
[EventType "swiss"]
[EventRounds "9"]
[EventCountry "ESP"]
[SourceTitle "CBM 165 Extra"]
[Source "ChessBase"]
[SourceDate "2015.04.21"]
[SourceVersion "1"]
[SourceVersionDate "2015.04.21"]
[SourceQuality "1"]

1. c4 c5 2. g3 Nf6 3. Bg2 e6 4. Nc3 Nc6 5. e3 d5 6. cxd5 exd5 7. d4 c4 8. Nf3 Bb4 9. 0-0 0-0 10. Nd2 Bf5 11. a3 Ba5 12. b4 Bc7 13. Bb2 Qd7 14. Re1 Rfe8 15. b5 Ne7 16. e4 dxe4 17. Ndxe4 Nxe4 18. Bxe4 Bxe4 19. Rxe4 Nd5 20. a4 Nxc3 21. Rxe8+ Rxe8 22. Bxc3 Qd5 23. Qd2 h5 24. Re1 Rxe1+ 25. Qxe1 h4 26. Qe8+ Kh7 27. Qc8 Qf3 28. Qxc7 h3 29. Kf1 Qd3+ 30. Ke1 Qxc3+ 31. Ke2 Qd3+ 32. Ke1 Qe4+ 33. Kf1 Qxd4 34. Ke1 c3 35. Qf4 Qxf4 36. gxf4 Kg6 37. Ke2 Kf5 38. Kd3 Kxf4 39. Kxc3 Kf3 40. Kc4 Kg2 41. b6 axb6 42. Kb5 Kxh2 43. Kxb6 Kg1 0-1

[Event "Madrid-ch Seniors 20th"]
[Site "Madrid"]
[Date "2015.01.07"]
[Round "1"]
[White "Garcia Gutierrez, Jose"]
[Black "Rodriguez Bachiller, Luis"]
[Result "1-0"]
[WhiteElo "1989"]
[BlackElo "1707"]
[PlyCount "35"]
[EventDate "2015.01.07"]
[EventType "swiss"]
[EventRounds "9"]
[EventCountry "ESP"]
[SourceTitle "CBM 164 Extra"]
[Source "ChessBase"]
[SourceDate "2015.03.02"]
[SourceVersion "1"]
[SourceVersionDate "2015.03.02"]
[SourceQuality "1"]

1. e4 e6 2. d4 d5 3. Nd2 c5 4. exd5 Qxd5 5. Ngf3 cxd4 6. Bc4 Qd6 7. 0-0 Nc6 8. Nb3 Nf6 9. Nbxd4 Nxd4 10. Nxd4 a6 11. Re1 Qc7 12. Qe2 Bd6 13. Bg5 Qe7 14. Rad1 h6 15. Nf5 exf5 16. Rxd6 Qxe2 17. Rxe2+ Ne4 18. Rd8# 1-0

[Event "Madrid-ch Seniors"]
[Site "Madrid"]
[Date "2014.01.10"]
[Round "4"]
[White "Garcia Gutierrez, Jose"]
[Black "Keller, August"]
[Result "0-1"]
[WhiteElo "2006"]
[BlackElo "1791"]
[PlyCount "54"]
[EventDate "2014.01.07"]
[EventType "swiss"]
[EventRounds "9"]
[EventCountry "ESP"]
[SourceTitle "CBM 158 Extra"]
[Source "ChessBase"]
[SourceDate "2014.02.28"]
[SourceVersion "1"]
[SourceVersionDate "2014.02.28"]
[SourceQuality "1"]

1. e4 c6 2. d4 d5 3. Nd2 dxe4 4. Nxe4 Nf6 5. Nxf6+ exf6 6. c3 Bd6 7. Bd3 0-0 8. Ne2 Bg4 9. f3 Bh5 10. Qb3 Qc7 11. Bd2 Bg6 12. Bxg6 hxg6 13. 0-0-0 Re8 14. Qc4 Nd7 15. g3 b5 16. Qd3 a5 17. h4 b4 18. h5 g5 19. f4 c5 20. fxg5 bxc3 21. Bxc3 cxd4 22. Nxd4 Ne5 23. Qf5 Bb4 24. gxf6 Bxc3 25. bxc3 Qxc3+ 26. Nc2 Nc4 27. Rd2 Qb2+ 0-1

[Event "Madrid-ch Seniors"]
[Site "Madrid"]
[Date "2014.01.09"]
[Round "3"]
[White "Gonzalez Rivera, Eduardo"]
[Black "Garcia Gutierrez, Jose"]
[Result "1-0"]
[WhiteElo "2084"]
[BlackElo "2006"]
[PlyCount "49"]
[EventDate "2014.01.07"]
[EventType "swiss"]
[EventRounds "9"]
[EventCountry "ESP"]
[SourceTitle "CBM 158 Extra"]
[Source "ChessBase"]
[SourceDate "2014.02.28"]
[SourceVersion "1"]
[SourceVersionDate "2014.02.28"]
[SourceQuality "1"]

1. e4 e6 2. d4 d5 3. Nc3 Nf6 4. Bg5 Bb4 5. e5 h6 6. Bd2 Bxc3 7. bxc3 Ne4 8. Bd3 Nxd2 9. Qxd2 c5 10. Nf3 0-0 11. 0-0 Nc6 12. dxc5 Qa5 13. Qe3 Bd7 14. Rfb1 Nd8 15. Rb4 Rc8 16. Rg4 f5 17. Qxh6 Rf7 18. Rg6 Qxc3 19. Rd1 Kf8 20. Qh8+ Ke7 21. Qh4+ Kf8 22. Qh8+ Ke7 23. Rxg7 Be8 24. Rg8 Bd7 25. Qh4+ 1-0

[Event "Madrid-ch sf-A"]
[Site "Madrid"]
[Date "2012.04.24"]
[Round "8"]
[White "Cano Mercado, Francisco Manuel"]
[Black "Garcia Gutierrez, Jose"]
[Result "0-1"]
[WhiteElo "1872"]
[BlackElo "2028"]
[PlyCount "136"]
[EventDate "2012.04.10"]
[EventType "swiss"]
[EventRounds "9"]
[EventCountry "ESP"]
[SourceTitle "CBM 148 Extra"]
[Source "ChessBase"]
[SourceDate "2012.06.22"]
[SourceVersion "1"]
[SourceVersionDate "2012.06.22"]
[SourceQuality "1"]

1. d4 Nf6 2. Nf3 b6 3. g3 Bb7 4. Bg2 g6 5. 0-0 Bg7 6. c4 0-0 7. Nc3 d6 8. Qc2 Nbd7 9. e4 e5 10. dxe5 Nxe5 11. Nxe5 dxe5 12. Rd1 Qe8 13. b3 Qe6 14. Ba3 c5 15. Bb2 Qe7 16. Re1 Rad8 17. Rad1 Rxd1 18. Rxd1 Rd8 19. Nd5 Bxd5 20. exd5 Qd6 21. Re1 Nd7 22. Bh3 Nf8 23. Qc3 f6 24. Qe3 Re8 25. Bc3 f5 26. Qc1 Re7 27. Qb2 Nd7 28. Qe2 Bf6 29. g4 e4 30. Bxf6 Qxf6 31. gxf5 gxf5 32. Kh1 Rg7 33. Qh5 Rg5 34. Qe8+ Nf8 35. Rg1 Rxg1+ 36. Kxg1 Qg6+ 37. Qxg6+ hxg6 38. f3 exf3 39. Kf2 Kf7 40. Kxf3 Kf6 41. Bf1 Ke5 42. h4 Nd7 43. Bh3 Nf6 44. Ke3 Ne4 45. Bg2 Nd6 46. Bf3 a6 47. Be2 b5 48. Bf1 b4 49. Bd3 Ne8 50. Bb1 Nf6 51. Kf3 Nh5 52. Ke3 Nf4 53. Kf3 a5 54. Bc2 Nh5 55. Ke3 Nf6 56. Bd1 Ne4 57. h5 gxh5 58. Bxh5 Nc3 59. Be8 Nxa2 60. Kf3 Nc3 61. Ke3 Ne4 62. Kd3 f4 63. Bg6 Ng5 64. Be8 Nf3 65. Bh5 Nd4 66. Bd1 f3 67. Ke3 Kd6 68. Kf2 a4 0-1

[Event "Madrid-ch sf-A"]
[Site "Madrid"]
[Date "2012.04.23"]
[Round "7"]
[White "Garcia Gutierrez, Jose"]
[Black "Estrada Martinez, Cesar"]
[Result "0-1"]
[WhiteElo "2028"]
[BlackElo "2114"]
[PlyCount "64"]
[EventDate "2012.04.10"]
[EventType "swiss"]
[EventRounds "9"]
[EventCountry "ESP"]
[SourceTitle "CBM 148 Extra"]
[Source "ChessBase"]
[SourceDate "2012.06.22"]
[SourceVersion "1"]
[SourceVersionDate "2012.06.22"]
[SourceQuality "1"]

1. b3 e5 2. Bb2 d6 3. e3 Nf6 4. d3 g6 5. Be2 Bg7 6. h4 h6 7. Nd2 Nc6 8. Nh3 Be6 9. c4 0-0 10. g4 Qd7 11. f3 d5 12. Nf2 Rad8 13. a3 h5 14. Rg1 Qd6 15. Nf1 dxc4 16. bxc4 Qc5 17. Qc2 b5 18. gxh5 gxh5 19. f4 bxc4 20. fxe5 Nd5 21. d4 Qa5+ 22. Kd1 Nxe5 23. Ne4 Bd7 24. Nc5 Bg4 25. Bxg4 Nxg4 26. Rxg4 hxg4 27. Qf2 c3 28. Bc1 Qb5 29. Kc2 Qc4 30. Qf5 Qe2+ 31. Nd2 cxd2 32. Bxd2 Nxe3+ 0-1

[Event "Madrid-ch sf-A"]
[Site "Madrid"]
[Date "2012.04.12"]
[Round "3"]
[White "Garcia Gutierrez, Jose"]
[Black "Gonzalez Mateos, Rafael"]
[Result "1-0"]
[WhiteElo "2028"]
[BlackElo "2157"]
[PlyCount "69"]
[EventDate "2012.04.10"]
[EventType "swiss"]
[EventRounds "9"]
[EventCountry "ESP"]
[SourceTitle "CBM 148 Extra"]
[Source "ChessBase"]
[SourceDate "2012.06.22"]
[SourceVersion "1"]
[SourceVersionDate "2012.06.22"]
[SourceQuality "1"]

1. g3 d5 2. Bg2 c6 3. f4 Bf5 4. d3 Nf6 5. Nf3 e6 6. e3 Nbd7 7. 0-0 Qc7 8. Qe2 h6 9. Nc3 Bb4 10. Nd1 Bh7 11. Nf2 e5 12. e4 dxe4 13. Nxe4 Nxe4 14. dxe4 exf4 15. Bxf4 Qb6+ 16. Kh1 0-0 17. c3 Be7 18. e5 Nc5 19. Rfd1 Rfe8 20. Rd2 Ne6 21. Nd4 Nxf4 22. gxf4 Bc5 23. Be4 Bxe4+ 24. Qxe4 Rad8 25. Rg1 Bf8 26. Rdg2 c5 27. Nf5 g6 28. Nh4 Bg7 29. Nxg6 f5 30. Qxf5 Qc6 31. Qg4 h5 32. Qg5 Rd7 33. f5 Kh7 34. e6 Rc7 35. Nf4 1-0

[Event "ESP-ch Veterans"]
[Site "Madrid"]
[Date "2010.02.17"]
[Round "8"]
[White "Garcia Esteban, Juan Ignacio"]
[Black "Garcia Gutierrez, Jose"]
[Result "1/2-1/2"]
[WhiteElo "2002"]
[BlackElo "2027"]
[PlyCount "33"]
[EventDate "2010.02.08"]
[EventType "swiss"]
[EventRounds "9"]
[EventCountry "ESP"]
[SourceTitle "CBM 134 Extra"]
[Source "ChessBase"]
[SourceDate "2010.03.03"]
[SourceVersion "1"]
[SourceVersionDate "2010.03.03"]
[SourceQuality "1"]

1. e4 e6 2. d4 d5 3. exd5 exd5 4. Nf3 c5 5. c3 Bd6 6. Bg5 f6 7. Be3 cxd4 8. Nxd4 Ne7 9. Bd3 0-0 10. Qc2 f5 11. 0-0 Nbc6 12. Nxc6 bxc6 13. Bg5 Qc7 14. Bxe7 Qxe7 15. Nd2 Bd7 16. Nf3 Qf6 17. Rfe1 1/2-1/2

[Event "ESP-ch Veterans"]
[Site "Madrid"]
[Date "2010.02.15"]
[Round "6"]
[White "Garcia Gutierrez, Jose"]
[Black "Estrada Martinez, Cesar"]
[Result "0-1"]
[WhiteElo "2027"]
[BlackElo "2182"]
[PlyCount "68"]
[EventDate "2010.02.08"]
[EventType "swiss"]
[EventRounds "9"]
[EventCountry "ESP"]
[SourceTitle "CBM 134 Extra"]
[Source "ChessBase"]
[SourceDate "2010.03.03"]
[SourceVersion "1"]
[SourceVersionDate "2010.03.03"]
[SourceQuality "1"]

1. e4 c5 2. d4 cxd4 3. c3 g6 4. Bc4 Bg7 5. Nf3 d6 6. 0-0 Nf6 7. e5 dxe5 8. Nxe5 0-0 9. cxd4 Nc6 10. Nxc6 bxc6 11. Nc3 Qd6 12. h3 Rd8 13. Qe2 e6 14. Be3 Rb8 15. Rac1 Qb4 16. Bb3 Qa5 17. Rfd1 Ba6 18. Qf3 Bb7 19. Qe2 Nd5 20. Ne4 Nxe3 21. fxe3 Ba6 22. Qf2 Qf5 23. Nc5 Qxf2+ 24. Kxf2 Bc8 25. Ke2 Kf8 26. Rf1 Ke7 27. Rf2 f5 28. Rcf1 e5 29. g4 exd4 30. gxf5 gxf5 31. e4 d3+ 32. Kd1 Bd4 33. Rg2 Bxc5 34. e5 Be6 0-1

[Event "ESP-ch Veterans"]
[Site "Madrid"]
[Date "2010.02.12"]
[Round "5"]
[White "Lorite Cruz, Francisco"]
[Black "Garcia Gutierrez, Jose"]
[Result "1-0"]
[WhiteElo "2073"]
[BlackElo "2027"]
[PlyCount "101"]
[EventDate "2010.02.08"]
[EventType "swiss"]
[EventRounds "9"]
[EventCountry "ESP"]
[SourceTitle "CBM 134 Extra"]
[Source "ChessBase"]
[SourceDate "2010.03.03"]
[SourceVersion "1"]
[SourceVersionDate "2010.03.03"]
[SourceQuality "1"]

1. c4 e5 2. Nc3 Nc6 3. g3 f5 4. Bg2 Nf6 5. e3 d5 6. a3 d4 7. Nd5 Be6 8. Nxf6+ Qxf6 9. d3 Be7 10. Ne2 0-0 11. exd4 exd4 12. 0-0 Rab8 13. Nf4 Bf7 14. Re1 Rfe8 15. Nd5 Bxd5 16. Bxd5+ Kh8 17. Re6 Qf8 18. b4 Bf6 19. Bf4 Rxe6 20. Bxe6 Be5 21. Qf3 Re8 22. Bd7 Re7 23. Bxc6 Bxf4 24. Bxb7 Bd2 25. Ra2 Re1+ 26. Kg2 Bc1 27. c5 g6 28. Ba6 Qf6 29. Bc4 Kg7 30. h4 f4 31. a4 Qe5 32. g4 Qe7 33. g5 h6 34. Qd5 hxg5 35. hxg5 f3+ 36. Qxf3 Qxg5+ 37. Qg3 Qh5 38. Qxc7+ Kh6 39. Qh2 Qxh2+ 40. Kxh2 Kg5 41. Kg2 Kf4 42. b5 Ke5 43. Kf3 Kf5 44. a5 g5 45. b6 Re7 46. Bd5 Bf4 47. Be4+ Ke5 48. Re2 Rg7 49. Bb7+ Kf5 50. bxa7 g4+ 51. Kg2 1-0

[Event "Madrid-ch Previa-A"]
[Site "Madrid"]
[Date "2009.11.18"]
[Round "9"]
[White "Garcia Gutierrez, Jose"]
[Black "Rodriguez Vignote, Javier"]
[Result "0-1"]
[WhiteElo "2053"]
[BlackElo "1874"]
[PlyCount "120"]
[EventDate "2009.11.02"]
[EventType "swiss"]
[EventRounds "9"]
[EventCountry "ESP"]
[SourceTitle "EXT 2010"]
[Source "ChessBase"]
[SourceDate "2010.11.25"]
[SourceVersion "1"]
[SourceVersionDate "2010.11.25"]
[SourceQuality "1"]

1. e4 e6 2. d4 d5 3. Nd2 Nf6 4. e5 Nfd7 5. f4 c5 6. c3 Nc6 7. Ndf3 cxd4 8. cxd4 Qb6 9. a3 Na5 10. b4 Nc4 11. Bxc4 dxc4 12. d5 exd5 13. Qxd5 Qe6 14. Qxe6+ fxe6 15. Ne2 b5 16. Ned4 Nb6 17. Nxb5 Kd7 18. 0-0 a5 19. Rd1+ Nd5 20. f5 Bb7 21. fxe6+ Kxe6 22. Rxd5 Bxd5 23. Nc7+ Kf5 24. Nxa8 Bxa8 25. bxa5 Bc5+ 26. Kf1 Rd8 27. Ke2 Be4 28. Bb2 Rd3 29. Rf1 Kg4 30. e6 Re3+ 31. Kd1 Rd3+ 32. Nd2 Bxg2 33. Re1 c3 34. Bxc3 Rxc3 35. e7 Bc6 36. e8Q Bxe8 37. Rxe8 Rxa3 38. Nc4 Ra1+ 39. Ke2 Bb4 40. Ra8 h5 41. a6 Ra2+ 42. Kf1 g5 43. Ne5+ Kh3 44. Nd3 Bc3 45. Rc8 Bd4 46. Rc4 Be3 47. Re4 Ba7 48. Re6 Kxh2 49. Nb4 Ra1+ 50. Ke2 h4 51. Rg6 Ra5 52. Kf3 Kh3 53. Rg7 Ra3+ 54. Ke4 Ra4 55. Rb7 g4 56. Kd3 Bf2 57. Ke2 g3 58. Nd3 Bd4 59. Rd7 g2 60. Nf4+ Kh2 0-1